• 首页
  • 本馆介绍
  • 公告通知
  • 最新文献
  • 馆藏检索
  • 电子资源
  • 读者导购
  • 参考咨询
  • 我的图书馆
  • 登录
  • 详细信息显示
  • 放入我的书架
  • 预约/预借图书
  • 作者相关作品
  • 分类相关作品
  • 丛书相关作品
  • 出版社相关作品

书目信息

  • 表格格式
  • 工作单格式
  • 卡片格式
题名:
特立尼达和多巴哥人民史
    
 
作者: 威廉斯 著 ;吉林师范大学外语系翻译组 译
分册: 上册  
出版信息: 长春   吉林人民出版社  1973.10
页数: 337页
开本: 20cm
丛书名:
单 册:
中图分类: K767
科图分类:
主题词: 美洲--历史
电子资源:
ISBN:
000 00794nam0 2200241 45
001 0212160964
005 20031219104102.4
010    @dCNY1.90
091    @a11091.12
100    @a20021216d1973 km y0chiy0120 ea
101 0  @achi
105    @a z 000yy
200 1  @a特立尼达和多巴哥人民史@ATe Li Ni Da He Duo Ba Ge Ren Min Shi@h上册@f(特)埃里克·威廉斯著@F(Te)Ai Li Ke·Wei Lian Si Zhu@g吉林师范大学外语系翻译组译
210    @a长春@c吉林人民出版社@d1973.10
215    @a337页@d20cm
300    @a内部读物
300    @a根据英国安德雷·多伊奇出版有限公司1964年版译出
606 0  @a美洲@x历史
690    @aK767@v3
701  0 @a威廉斯@4著
712 02 @a吉林师范大学外语系翻译组@AJi Lin Shi Fan Da Xue Wai Yu Xi Fan Yi Zu@4译
801    @aCN@bTSTC@c20021219
905    @dK767@e2:1@f1@b219248
    
    特立尼达和多巴哥人民史.上册/(特)埃里克·威廉斯著/吉林师范大学外语系翻译组译.-长春:吉林人民出版社,1973.10
    337页;20cm
    内部读物.-根据英国安德雷·多伊奇出版有限公司1964年版译出
    
    ISBN :CNY1.90
    
●
相关链接 在E读中查询图书 在五车中查询图书 在当当中查询图书 在豆瓣中查询图书


正题名:特立尼达和多巴哥人民史     索取号:K767/2:1         预约/预借

序号 登录号 条形码 馆藏地/架位号 状态 备注
1 0219248   001746301   第二样本阅览室/ [索取号:K767/2:1] 在馆    
唐山师范学院图书馆 欢迎您!
大连网信软件有限公司© 版权所有